| 000 | 00525nam a22001697a 4500 | ||
|---|---|---|---|
| 005 | 20240925085016.0 | ||
| 008 | 240925b |||||||| |||| 00| 0 eng d | ||
| 020 | _a0409006122 | ||
| 041 | _aEnglish | ||
| 082 | _a348 SOU | ||
| 100 | _lEnglish | ||
| 245 |
_aThe South African Encyclopaedia of Forms and Precedents / _cedited by C Weinberg |
||
| 260 |
_aDurban: _bButterworth Publishers, _c1993 |
||
| 300 |
_bviii, 521 pages; _c26 cm. |
||
| 650 |
_aLegal practice _bLaw |
||
| 942 |
_cBK _6ALISON_BN_VRIES |
||
| 999 |
_c3127 _d3127 |
||